News on the air /

Bibliographic Details
Main Author: White, Paul Welrose, 1902-1955
Format: Book
Language:English
Published: New York : Harcourt, Brace & Co., [1947]
Subjects:

MARC

Tag First Indicator Second Indicator Subfields
LEADER 00000cam a2200000 4500
001 in00000068515
005 20151008050220.0
008 711119s1947 nyuc b 00000 eng u
010 |a  47004248  
035 |a (OCoLC)00173383 
035 |9 AAG0051AM 
040 |c CSU  |d TXA  |d UtOrBLW 
049 |a TXAM  |c [146363] 
050 0 |a PN4784 .R2  |b W5 
092 |a 070.46  |b W587n 
100 1 |a White, Paul Welrose,  |d 1902-1955. 
245 1 0 |a News on the air /  |c by Paul W. White. 
264 1 |a New York :  |b Harcourt, Brace & Co.,  |c [1947] 
300 |a x, 420 pages :  |b frontispiece (group portrait) ;  |c 21 cm. 
336 |a text  |b txt  |2 rdacontent 
337 |a unmediated  |b n  |2 rdamedia 
338 |a volume  |b nc  |2 rdacarrier 
504 |a "An annotated bibliography" pages [397]-414. 
650 0 |a Radio journalism. 
999 |a MARS 
999 f f |s 9ea2a467-072a-3291-a05d-6822b233c122  |i ede01842-6c86-3584-945e-fff3109d5a46  |t 0 
952 f f |p ric  |a Texas A&M University  |b Rellis Campus  |c Joint Library Facility  |d Remote Storage  |t 0  |e PN4784 .R2 W5  |h Library of Congress classification  |i unmediated -- volume  |m A14800501558 
998 f f |a PN4784 .R2 W5  |t 0  |l Remote Storage